Szczegóły MARC21

Zeszyty Naukowe Uniwersytetu Mikołaja Kopernika w Toruniu. Nauki Humanistyczno-Społeczne. Ekonomia.

001 -Numer kontrolny rekordu [,]
    • @
    • pole kontrolne
    • cc95204810
005 -Data i czas ostatniej zmiany [,]
    • @
    • Data ostatniej zmiany
    • 20241231091224.0
022 -Międzynarodowy Znormalizowany Numer Wydawnictwa Ciągłego - ISSN [ , ]
    • a
    • International Standard Serial Number
    • 0208-5380
035 -Inne numery kontrolne [ , ]
    • a
    • Numer kontrolny
    • (OCoLC)1424011968
040 -Instytucja sporządzająca opis [ , ]
    • a
    • Instytucja, która sporządziła opis (NP)
    • KR U/AK
    • c
    • Instytucja, która sporządziła rekord (NP)
    • KR U/AK /d TOR U/BJan
    • d
    • Instytucja, która zmodyfikowała rekord (P)
    • KAT U/MoKus
041 -Język dokumentu [0, ]
    • a
    • Język tekstu (P)
    • polski
    • b
    • Język streszczeń(P)
    • angielski
942 -Rodzaj dokumentu [ , ]
    • c
    • Rodzaj dokumentu
    • Wydaw. ciągłe w tym czasopisma
998 -Inne dane NUKAT [ , ]
    • a
    • Numer systemowy
    • vtls000030436
210 -Skrót tytułu [1, ]
    • a
    • Skrót tytułu
    • Zesz. Nauk. Uniw. Mikołaja Kopernika Toruń., Nauki Humanist.-Społ., Ekon.
222 -Tytuł kluczowy [ ,0]
    • a
    • Tytuł kluczowy
    • Zeszyty Naukowe Uniwersytetu Mikołaja Kopernika w Toruniu. Nauki Humanistyczno-Społeczne. Ekonomia
245 -Strefa tytułu i oznaczenia odpowiedzialności [0,0]
    • a
    • Tytuł
    • Zeszyty Naukowe Uniwersytetu Mikołaja Kopernika w Toruniu.
    • p
    • Nazwa części (P)
    • Nauki Humanistyczno-Społeczne.
    • p
    • Nazwa części (P)
    • Ekonomia.
246 -Wariant tytułu [3,0]
    • a
    • Tytuł (NP)
    • Ekonomia
260 -Strefa adresu wydawniczego [ , ]
    • a
    • Miejsce wydania (P)
    • Toruń :
    • b
    • Nazwa wydawcy (P)
    • Państwowe Wydawnictwo Naukowe,
    • c
    • Data wydania (P)
    • 1972.
830 -Hasło dodatkowe serii i opisu książki wielotomowej - tytuł ujednolicony/tytuł [ ,0]
    • a
    • Tytuł ujednolicony/tytuł (NP)
    • Zeszyty Naukowe Uniwersytetu Mikołaja Kopernika w Toruniu.
    • p
    • Nazwa części/podserii/sekcji (P)
    • Nauki Humanistyczno-Społeczne
    • x
    • ISSN
    • 0495-9248
300 -Strefa opisu fizycznego [ , ]
    • c
    • Format (NP)
    • 24 cm.
310 -Częstotliwość [ , ]
    • a
    • Częstotliwość
    • Niereg.
336 -Typ zawartości [ , ]
    • a
    • Termin opisujący typ zawartości
    • Tekst
    • b
    • Typ/rodzaj nośnika
    • txt
    • 2
    • Źródło (termin i kod)
    • rdacontent
337 -Typ mediów [ , ]
    • a
    • Tryb odtwarzania
    • Bez urządzenia pośredniczącego
    • b
    • Kod typu mediów
    • n
    • 2
    • Źródło (termin i kod)
    • rdamedia
338 -Typ/rodzaj nośnika [ , ]
    • a
    • Hasło opisujące typ nośnika
    • Wolumin
    • b
    • Kod typu nośnika
    • nc
    • 2
    • Źródło (termin i kod)
    • rdacarrier
362 -Strefa numeracji [0, ]
    • a
    • Strefa numeracji
    • 1.
490 -Strefa serii i książki wielotomowej - forma nie do wyszukiwania [1, ]
    • a
    • Tytuł (P)
    • Zeszyty Naukowe Uniwersytetu Mikołaja Kopernika w Toruniu. Nauki Humanistyczno-Społeczne
500 -Uwaga ogólna [ , ]
    • a
    • Uwaga ogólna (NP)
    • W zbiorze ogólnym serii zeszyt oznaczony nr 47.
530 -Uwaga dot. innej postaci fizycznej dokumentu [ , ]
    • a
    • Uwaga dot. innej postaci fizycznej dokumentu
    • Dostępny także w wersji elektronicznej w ramach KPBC.
546 -Uwaga dot. języka [ , ]
    • a
    • Uwaga dot. języka
    • Tekst w jęz. pol. ze streszcz. w jęz. ang.
650 -Hasło przedmiotowe - nazwa pospolita [ ,7]
    • a
    • Hasło przedmiotowe
    • Ekonomia
655 -INDEX TERM--GENRE/FORM [ ,7]
    • a
    • Genre/form data or focus term
    • Czasopisma naukowe
    • z
    • Geographic subdivision
    • Polska
    • z
    • Geographic subdivision
    • Toruń
710 -Hasło dodatkowe - nazwa ciała zbiorowego [2, ]
    • a
    • Nazwa ciała zbiorowego lub nazwa geograficzna jako pierwszy element (NP)
    • Uniwersytet Mikołaja Kopernika (Toruń).
785 -Tytuł następny wydawnictwa [0,0]
    • t
    • Title
    • Acta Universitatis Nicolai Copernici. Nauki Humanistyczno-Społeczne. Ekonomia
    • g
    • Relationship information
    • 2
    • x
    • International Standard Serial Number
    • 0208-5305
    • w
    • Record control number
    • (NUKAT)cc95204812
856 -Lokalizacja i sposób dostępu do dokumentu elektronicznego [4,1]
    • u
    • URI
    • http://kpbc.umk.pl/dlibra/publication/12092?tab=1
952 -Egzemplarz [ , ]
    • c
    • Sygnatura
    • Ec.2123
    • d
    • Lokalizacja
    • BE Biblioteka Ekonomiczna
    • i
    • Nr tomu wydaw.cg
    • [1] ; 47 (1972)
    • y
    • Status udostępniania
    • Tylko na miejscu